| 000 | 00986nam a2200277 a 4500 | ||
|---|---|---|---|
| 001 | 000025668 | ||
| 005 | 20200930023946.0 | ||
| 008 | 110218s1999 mx r 000 0 spa d | ||
| 020 | _a9686190996 | ||
| 040 |
_aDO-SdBNP _bspa _cBNPHU |
||
| 082 |
_a632.96 _bP861n |
||
| 245 | 0 | 0 |
_aPotencial de nematodos entomopatógenos en el control de plagas / _cH. C. Arredondo , J. Molina , V. M. Hernández. |
| 260 |
_aColima, México : _bUniversidad de Colima, _c1999. |
||
| 300 |
_a92 p. ; _c22 cm. |
||
| 500 | _aIncluye notas al pie de las páginas. | ||
| 504 | _aIncluye referencias bibliográficas | ||
| 650 | 4 |
_aControl biológico de plagas _928807 |
|
| 650 | 4 |
_aMalezas _952420 |
|
| 650 | 4 |
_aPlagas agrícolas _922104 |
|
| 650 | 4 |
_aPatología vegetal _922105 |
|
| 700 | 1 |
_aArredondo, H. C., _eed. _952421 |
|
| 700 | 1 |
_aMolina, J., _eed. _952422 |
|
| 700 | 1 |
_aHernández, V. M., _eed. _952423 |
|
| 710 | 2 |
_aSecretaria de Agricultura, Ganaderia y Desarrollo Rural _952424 |
|
| 049 | _aBNGR | ||
| 999 |
_c25160 _d25160 |
||